<?xml version="1.0" encoding="UTF-8"?>
<record
    xmlns:xsi="http://www.w3.org/2001/XMLSchema-instance"
    xsi:schemaLocation="http://www.loc.gov/MARC21/slim http://www.loc.gov/standards/marcxml/schema/MARC21slim.xsd"
    xmlns="http://www.loc.gov/MARC21/slim">

  <leader>01332cam a2200277 a 4500</leader>
  <controlfield tag="001">000006632</controlfield>
  <controlfield tag="005">20200929153948.0</controlfield>
  <controlfield tag="008">910530m19901993ck ac         001 0cspa  </controlfield>
  <datafield tag="040" ind1=" " ind2=" ">
    <subfield code="a">DO-SdBNP</subfield>
    <subfield code="b">spa</subfield>
    <subfield code="d">BNPHU</subfield>
  </datafield>
  <datafield tag="082" ind1=" " ind2=" ">
    <subfield code="a">xxxx</subfield>
    <subfield code="b">E64</subfield>
  </datafield>
  <datafield tag="245" ind1="0" ind2="0">
    <subfield code="a">Epistolario de Angel y Rufino Jose Cuervo con colombianos /</subfield>
    <subfield code="c">edicion, presentacion y notas de Angelina Araujo Velez.</subfield>
  </datafield>
  <datafield tag="260" ind1=" " ind2=" ">
    <subfield code="a">Bogota :</subfield>
    <subfield code="b">Instituto Caro y Cuervo,</subfield>
    <subfield code="c">1990.</subfield>
  </datafield>
  <datafield tag="300" ind1=" " ind2=" ">
    <subfield code="a">2 v. :</subfield>
    <subfield code="b">il. ;</subfield>
    <subfield code="c">24 cm.</subfield>
  </datafield>
  <datafield tag="440" ind1="1" ind2="0">
    <subfield code="a">Publicaciones del Instituto Caro y Cuervo.</subfield>
    <subfield code="p">Archivo epistolar colombiano ;</subfield>
    <subfield code="v">21</subfield>
    <subfield code="9">18409</subfield>
  </datafield>
  <datafield tag="500" ind1=" " ind2=" ">
    <subfield code="a">Incluye &#xED;ndice.</subfield>
  </datafield>
  <datafield tag="600" ind1="1" ind2="0">
    <subfield code="a">Cuervo, Angel,</subfield>
    <subfield code="d">1838-1896</subfield>
    <subfield code="x">Correspondence.</subfield>
    <subfield code="9">18410</subfield>
  </datafield>
  <datafield tag="600" ind1="1" ind2="0">
    <subfield code="a">Cuervo, Rufino Jose,</subfield>
    <subfield code="d">1844-1911</subfield>
    <subfield code="x">Correspondence.</subfield>
    <subfield code="9">18411</subfield>
  </datafield>
  <datafield tag="651" ind1=" " ind2="0">
    <subfield code="a">Colombia</subfield>
    <subfield code="x">Intellectual Life</subfield>
    <subfield code="y">19th century.</subfield>
    <subfield code="9">18412</subfield>
  </datafield>
  <datafield tag="650" ind1=" " ind2="0">
    <subfield code="a">Authors, colombian</subfield>
    <subfield code="y">19th century</subfield>
    <subfield code="x">Correspondence.</subfield>
    <subfield code="9">18413</subfield>
  </datafield>
  <datafield tag="650" ind1=" " ind2="0">
    <subfield code="a">Philologists</subfield>
    <subfield code="z">Colombia</subfield>
    <subfield code="x">Correspondence.</subfield>
    <subfield code="9">18414</subfield>
  </datafield>
  <datafield tag="700" ind1="1" ind2="2">
    <subfield code="a">Cuervo, Angel,</subfield>
    <subfield code="d">1838-1896.</subfield>
    <subfield code="t">Correspondence.</subfield>
    <subfield code="k">Selections.</subfield>
    <subfield code="9">18415</subfield>
  </datafield>
  <datafield tag="700" ind1="1" ind2="2">
    <subfield code="a">Cuervo, Rufino Jose,</subfield>
    <subfield code="d">1844-1911.</subfield>
    <subfield code="t">Correspondence.</subfield>
    <subfield code="k">Selections.</subfield>
    <subfield code="9">18416</subfield>
  </datafield>
  <datafield tag="700" ind1="1" ind2=" ">
    <subfield code="a">Araujo Velez, Angelina,</subfield>
    <subfield code="e">ed.</subfield>
    <subfield code="9">18417</subfield>
  </datafield>
  <datafield tag="740" ind1="0" ind2=" ">
    <subfield code="a">Epistolario de Rufino J. y Angel Cuervo con corresponsales colombianos.</subfield>
  </datafield>
  <datafield tag="830" ind1=" " ind2="0">
    <subfield code="a">Publicaciones del Instituto Caro y Cuervo.</subfield>
    <subfield code="p">Archivo epistolar colombiano ;</subfield>
    <subfield code="v">21</subfield>
    <subfield code="9">18409</subfield>
  </datafield>
  <datafield tag="952" ind1=" " ind2=" ">
    <subfield code="0">0</subfield>
    <subfield code="1">0</subfield>
    <subfield code="5">2</subfield>
    <subfield code="7">0</subfield>
    <subfield code="8">MO</subfield>
    <subfield code="a">GR</subfield>
    <subfield code="b">GR</subfield>
    <subfield code="c">CT</subfield>
    <subfield code="d">2009-09-01</subfield>
    <subfield code="i">LF1</subfield>
    <subfield code="l">0</subfield>
    <subfield code="o">xxxx E64</subfield>
    <subfield code="p">6632-10</subfield>
    <subfield code="r">2020-06-25</subfield>
    <subfield code="w">2020-06-25</subfield>
    <subfield code="y">2</subfield>
    <subfield code="Z">Pr&#xE9;stamo interno</subfield>
  </datafield>
  <datafield tag="999" ind1=" " ind2=" ">
    <subfield code="c">6422</subfield>
    <subfield code="d">6422</subfield>
  </datafield>
</record>
